LEADER 01256nam a2200301 u 4500 001 000000025735 003 CaOOAMICUS 005 20070226111510.0 008 951025s1942 it u000 u ita u 035 $a10660547 040 $aPUL(R)$bita 041 1 $aita$hgrc 100 0 $aThucydides,$dc. 465-395 a.C.$0(OLS)http://pul/name/17111 240 10$aHistoriae$9(Thucydides, c. 465-395 a.C.).$lItaliano.$0(OLS)http://pul/title/35443 245 13$aLa guerra del Peloponneso /$cTucidide ; introduzione e traduzione di Piero Sgroi. 260 $aMilano :$bIspi,$c1942. 300 $a668 p. ;$c21 cm 490 1 $aBiblioteca storica (Ispi) 651 4$aGrecia$xStoria$yGuerra del Peloponneso, 431-404 a.C.$0(OLS)http://pul/subject/15182 830 0$aBiblioteca storica (Ispi).$0(OLS)http://pul/title/35445 850 $aPUL 852 $aPUL$W1$xDP1 Fondo Ciprotti$y59$m1546 C 38$j35949$nBK-PRI$b $qFondi$B35949$CPULBib$Z2$F35949 $H $81 900 $aTucidides,$dc. 465-395 a.C.$917111 900 $aTucidide,$dc. 465-395 a.C.$917111 941 1 $a1 961 $aINV: F.CIPROTTI 996 $6245$aLa guerra del Peloponneso$9(OLS)http://pul/title/35444 996 $6260$aMilano :$bIspi$9(OLS)http://pul/publisher/59005 LEADER 01171nam a2200301 a 4500 001 000000169873 003 CaOOAMICUS 005 20181010105330.0 008 181010s1972 gw u000 u ger r 020 $a3793009726* 032 $aLibriCat 040 $aPUL$bita 100 1 $aSchlette, Heinz Robert,$d1931-$0(OLS)http://pul/name/6274 245 10$aSkeptische Religionsphilosophie :$bzur Kritik der Pietät /$cHeinz Robert Schlette. 260 $aFreiburg i.B. :$bRombach,$c1972. 300 $a157 p. ;$c21 cm. 490 1 $aRombach Hochschul Paperback 500 $aInclude indici. 504 $aBibliografia in nota. 650 4$aReligione (filosofia).$0(OLS)http://pul/subject/2955 830 0$aRombach Hochschul Paperback.$0(OLS)http://pul/title/79562 850 $aPUL 852 $aPUL$W1$xDP1 Fondo Seidl$y56$m4 C 32$j115172$qFondi$B197983$CPULBib$Z2$F197983 $81 941 1 $a1 996 $6020$a3793009726*$9(OLS)http://pul/number/164869 996 $6245$aSkeptische Religionsphilosophie :$bzur Kritik der Pietät$9(OLS)http://pul/title/210533 996 $6260$aFreiburg i.B. :$bRombach$9(OLS)http://pul/publisher/69793